000 00293nam a22001337a 4500
008 170606b xxu||||| |||| 00| 0 eng d
020 _a0521273765
041 _aeng
080 _a32
100 _a18
101 _aSHH
245 _aWAR&CHANGE IN WORLD POLITICS
_cGILPIN, R
942 _2udc
_cBK
999 _c16150
_d16150